000 00516nam a2200193Ia 4500
001 21096
003 GE_BSU
008 181216s||||||||xx |||||||||||||| ||und||
040 _cGE_BSU
245 _aАгрохимия №6 Июнь 2017
245 _cГл. ред. В.Н. Кудеяров
260 _aМосква
260 _c2017
300 _a94стр. 29 см.
653 _aАгрохимия №6 Июнь 2017
653 _aПериодика
653 _aპერიოდიკა
942 _cCR
999 _c54044
_d54044